Logo BPK

Biblioteka

Politechniki Koszalińskiej

Rola lasu nadrzecznego w kształtowaniu koryta rzeki meandrującej na przykładzie Małej Panwi (Równina Opolska) / (Rekord nr 53351)

Szczegóły MARC
000 -ETYKIETA REKORDU
podpole kontrolne o stałej długości 01194nam a2200289 i 4500
001 - NUMER KONTROLNY REKORDU
pole kontrolne bg
020 ## - MIĘDZYNARODOWY ZNORMALIZOWANY NUMER KSIĄŻKI - ISBN
ISBN 8322613679
040 ## - ŹRÓDŁO KATALOGOWANIA
Instytucja, która utworzyła rekord BPK
041 0# - KOD JĘZYKA
Kod języka tekstu pol
Kod języka streszczenia lub abstraktu engger
080 ## - UNIWERSALNA KLASYFIKACJA DZIESIĘTNA - UKD
UKD 556.5:551.43:630.16](438):913(438)A/Z:911.2
920 ## - Międzynarodowy znormalizowany numer książki – ISBN
ISBN 83-226-1367-9
008 - POLE O STAŁEJ DŁUGOŚCI - DANE KONTROLNE
podpole kontrolne o stałej długości s pl f |000 0 pol
100 1# - NAZWA OSOBOWA
Nazwa osobowa MALIK, Ireneusz
245 10 - TYTUŁ/ODPOWIEDZIALNOŚĆ
Tytuł Rola lasu nadrzecznego w kształtowaniu koryta rzeki meandrującej na przykładzie Małej Panwi (Równina Opolska) /
Pozostałe elementy strefy tytułu i oznaczenia odpowiedzialności Ireneusz Malik.
260 ## - STREFA ADRESU WYDAWNICZEGO
Miejsce wydania Katowice :
Nazwa wydawcy/dystrybutora Wydawnictwo Uniwersytetu Śląskiego,
Data publikacji, dystrybucji/powstania dokumentu 2004.
300 ## - STREFA OPISU FIZYCZNEGO
Objętość 94, [2] s., [12] k. tabl. kolor. :
Inne cechy fizyczne fot., mapy, rys., wykr. ;
Rozmiary 24 cm.
490 1# - STREFA SERII I DOKUMENTU WIELOCZĘŚCIOWEGO - FORMA NIE DO WYSZUKIWANIA
Tytuł i oznaczenie odpowiedzialności serii Prace Naukowe Uniwersytetu Śląskiego,
ISSN 0208-6336 ;
Numeracja w obrębie serii nr 2245
500 ## - UWAGI OGÓLNE
Tekst uwagi Streszcz. ang., niem.
650 #9 - HASŁO PRZEDMIOTOWE W FORMIE NAZWY OGÓLNEJ LUB JEDNOSTKOWEJ
Nazwa ogólna lub geograficzna Las
Określnik ogólny a rzeki
650 #9 - HASŁO PRZEDMIOTOWE W FORMIE NAZWY OGÓLNEJ LUB JEDNOSTKOWEJ
Nazwa ogólna lub geograficzna Rzeki
Określnik ogólny geologia
Określnik geograficzny Polska
651 #9 - HASŁO PRZEDMIOTOWE W FORMIE NAZWY GEOGRAFICZNEJ
Nazwa geograficzna Mała Panew (dolina)
Określnik ogólny geologia
651 #9 - HASŁO PRZEDMIOTOWE W FORMIE NAZWY GEOGRAFICZNEJ
Nazwa geograficzna Mała Panew (dolina)
Określnik ogólny flora
651 #9 - HASŁO PRZEDMIOTOWE W FORMIE NAZWY GEOGRAFICZNEJ
Nazwa geograficzna Mała Panew (dolina)
Określnik ogólny geografia fizyczna
830 ## - HASŁO DODATKOWE SERII LUB DOKUMENTU WIELOCZĘŚCIOWEGO - TYTUŁ UJEDNOLICONY
Tytuł ujednolicony Prace Naukowe Uniwersytetu Śląskiego,
-- 0208-6336 ;
856 ## - LOKALIZACJA I DOSTĘP DO ELEKTRONICZNYCH DOKUMENTÓW ZDALNYCH
Link (URL) http://koha.tu.koszalin.pl/cgi-bin/koha/opac-detail.pl?biblionumber=53351
Tekst linku Katalog online BPK
942 ## - DODATKOWE ELEMENTY (KOHA)
Typ dokumentu Książka
Egzemplarze
Wycofany Status egzemplarza Uszkodzony Dostępność Lokalizacja stała Lokalizacja bieżąca Miejsce przechowywania Sygnatura Kod kreskowy Typ dokumentu Status: wypożyczony
      Dostępny Biblioteka Politechniki Koszalińskiej Biblioteka Politechniki Koszalińskiej Wypożyczalnia BG 83307 02366210 Książka  
      Dostępny Biblioteka Politechniki Koszalińskiej Biblioteka Politechniki Koszalińskiej Wypożyczalnia BG 83308 02366203 Książka  
      Dostępny Biblioteka Politechniki Koszalińskiej Biblioteka Politechniki Koszalińskiej Wypożyczalnia BG 83309 02366197 Książka 03.11.2026
© 2023 Biblioteka Politechniki Koszalińskiej :: KOHA